[Event "RSA-ch U08 Girls"]
[Site "Waterkloof"]
[Date "2015.04.07"]
[Round "5"]
[White "Saunderson, Ane"]
[Black "Ferris, Mackayla"]
[Result "1-0"]
[WhiteElo "591"]
[BlackElo "326"]
[PlyCount "65"]
[EventDate "2015.04.04"]
[EventType "swiss"]
[EventRounds "9"]
[EventCountry "RSA"]
[SourceTitle "CBM 166 Extra"]
[Source "ChessBase"]
[SourceDate "2015.06.18"]
[SourceVersion "1"]
[SourceVersionDate "2015.06.18"]
[SourceQuality "1"]

1. d4 d5 2. Nf3 Nc6 3. Bg5 Bg4 4. e3 a6 5. c3 Ra7 6. Nbd2 h6 7. Bh4 e6 8. Bxd8 Nxd8 9. Bd3 Be7 10. Qc2 Nf6 11. h3 Bf5 12. Qa4+ Kf8 13. e4 Kg8 14. exf5 Kf8 15. fxe6 fxe6 16. Qc2 h5 17. Ng5 Rh6 18. 0-0-0 Rg6 19. Bxg6 Nc6 20. Nxe6+ Kg8 21. Nxc7 h4 22. Rhe1 Bf8 23. Re6 Kh8 24. Re8 Kg8 25. Ne6 Nxe8 26. Bxe8 Ra8 27. Qg6 Rxe8 28. Qxe8 Kh7 29. Qxf8 Kg6 30. Nf3 Na5 31. Qxg7+ Kf5 32. Nfg5 Nc6 33. Qf7# 1-0